• 首页
  • 本馆介绍
  • 公告通知
  • 最新文献
  • 馆藏检索
  • 电子资源
  • 读者导购
  • 参考咨询
  • 我的图书馆
  • 登录
  • 详细信息显示
  • 放入我的书架
  • 预约/预借图书
  • 作者相关作品
  • 分类相关作品
  • 丛书相关作品
  • 出版社相关作品

书目信息

  • 表格格式
  • 工作单格式
  • 卡片格式
题名:
城市景观细部元素2000例
    
 
作者: 董学君 , 董晓明 编
分册:   城市景观设施
出版信息: 大连   大连理工大学出版社  2014
页数: 239页
开本: 29cm
丛书名:
单 册:
中图分类: TU983-64
科图分类:
主题词: 城市景观--图集--景观设计--中国--现代
电子资源:
ISBN: 978-7-5611-8335-9
000 01057nam0 2200265 450
001 3388
005 20160926092748.98
010    @a978-7-5611-8335-9@b精装@dCNY98.00
100    @a20140312d2014 em y0chiy50 ea
101 0  @achi
102    @aCN@b210000
105    @aa z 000yy
200 1  @a城市景观细部元素2000例@9cheng shi jing guan xi bu yuan su 2000 li@dUrban landscape details 2000@i城市景观设施@iUrban landscape furniture@zeng@f董学君,董晓明编
210    @a大连@c大连理工大学出版社@d2014
215    @a239页@d29cm@e1光盘
300    @a附光盘
307    @a附光盘:ISBN 978-7-89437-072-3
330    @a本书用大量图片介绍了近年来我国城市景观设施的最新展示,包括:公共座椅、广场灯、候车亭、庭院灯、垃圾桶、电话亭、电子屏等。
510 1  @aUrban landscape details 2000@iUrban landscape furniture@zeng
606 0  @a城市景观@j图集@x景观设计@y中国@z现代
690    @aTU983-64@v5
701  0 @a董学君@9dong xue jun@4编
701  0 @a董晓明@9dong xiao ming@c(建筑设计)@4编
801  0 @aCN@b唐山师范学院图书馆@c20151001
905    @aZUCC@dTU983-64@e825
    
    城市景观细部元素2000例=Urban landscape details 2000.城市景观设施.Urban landscape furniture/董学君,董晓明编.-大连:大连理工大学出版社,2014
    239页;29cm+1光盘
    附光盘
    
    ISBN 978-7-5611-8335-9(精装):CNY98.00
    本书用大量图片介绍了近年来我国城市景观设施的最新展示,包括:公共座椅、广场灯、候车亭、庭院灯、垃圾桶、电话亭、电子屏等。
●
相关链接 在E读中查询图书 在五车中查询图书 在当当中查询图书 在豆瓣中查询图书


正题名:城市景观细部元素2000例     索取号:TU983-64/825         预约/预借

序号 登录号 条形码 馆藏地/架位号 状态 备注
1 904848   209048485   第二样本阅览室/ [索取号:TU983-64/825] 在馆    
2 904849   209048494   第三借阅区/ [索取号:TU983-64/825] 在馆    
3 904850   209048500   第三借阅区/ [索取号:TU983-64/825] 在馆    
4 904851   209048519   第三借阅区/ [索取号:TU983-64/825] 在馆    
5 904852   209048528   第三借阅区/ [索取号:TU983-64/825] 在馆    
唐山师范学院图书馆 欢迎您!
大连网信软件有限公司© 版权所有